000
00222nam a22000857a 4500
008
160704b xxu||||| |||| 00| 0 eng d
100
_9
2054
_a
Seshagiri, N
245
_a
Pollution
260
_a
New Delhi
_b
National Book Trust
_c
1984
999
_c
1754
_d
1754